| 000 | 00000nam##2200000za#4500 |
| 001 | 9.681011 |
| 003 | CaOODSP |
| 005 | 20200401055813 |
| 007 | ta |
| 008 | 150407|2000||||xxc||||| f|0| 0 fre|d |
| 020 | |a0-662-84287-1 |
| 040 | |aCaOODSP|bfre |
| 043 | |an-cn--- |
| 086 | 1 |aM92-179/2000F |
| 110 | 1 |aCanada.|bRessources naturelles Canada. |bDirection des ressources énergétiques. |
| 245 | 10|aLes chauffes-eau solaires : |bguide de l'acheteur |
| 260 | |aOttawa - Ontario : |bRessources naturelles Canada. |c2000. |
| 300 | |a19p. ; |c28 cm. |
| 500 | |a«Le présent guide s'adresse aux consommateurs qui souhaitent faire l'achat d'un chauffe-eau solaire domestique.»--Page 2. |
| 520 | 3 |aLe présent guide s'adresse aux consommateurs qui souhaitent faire l'achat d'un chauffe-eau solaire domestique.--Page 2 |
| 563 | |aCouverture souple |
| 590 | |a00-33|b2000-08-18 |
| 691 | 07|aChauffage solaire|2gcpds |
| 691 | 07|aLogement|2gcpds |
| 775 | 08|tSolar water heating systems : |w(CaOODSP)9.647600 |
| 776 | 0#|tLes chauffe-eau solaires : |w(CaOODSP)9.639568 |